00312nam a2200097Ia 4500008004100000020002200041100002200063245001500085260009700100300001700197250831s9999 xx 000 0 und d a9780552557832qPB aJacqueline Wilson 0aSleepovers a"London, United Kingdom"b"Young Corgi imprint, Random House Children's Publishers UK"c2008 a"112p, 10cm"